000 00692nam a2200265Ia 4500
005 20260121170301.0
008 008 260114s9999 xx 000 0 eng d
020 _a9789811067167
037 _aEBOOK
040 _aCRL
040 _beng
040 _cCRL
041 _2eng
041 _aeng
084 _qCRL
100 _aMiguel Angel Gardetti, Subramanian Senthilkannan Muthu
_91062021
245 0 _aSustainable Luxury, Entrepreneurship, and Innovation
260 _bSpringer
260 _bSpringer
260 _c2018
856 _uhttps://link.springer.com/openurl?genre=book&isbn=978-981-10-6716-7
942 _cEBOOK
999 _c1627750
_d1627750